Statistics for Name All Of the Animated Disney Movies

Click here to take the quiz!

General Stats

  • This quiz has been taken 31 times
    (26 since last reset)
  • The average score is 31 of 70

Answer Stats

HintAnswer% Correct
1950Cinderella
91%
1937Snow White and
the Seven Dwarves
91%
1991Beauty and the Beast
86%
1959Sleeping Beauty
77%
1992Aladdin
73%
1940Fantasia
73%
1998Mulan
73%
2009Princess and the Frog
73%
1989The Little Mermaid
73%
1942Bambi
68%
2016Moana
68%
2010Tangled
68%
1941Dumbo
64%
2013Frozen
64%
1994Lion King
64%
1940Pinocchio
64%
2019Frozen 2
59%
1955Lady and the Tramp
59%
1953Peter Pan
59%
1973Robin Hood
59%
1967The Jungle Book
59%
1977The Rescuers
59%
1951Alice in Wonderland
55%
1967Jungle Book
55%
1963The Sword In the Stone
55%
1961101 Dalmatians
50%
2003Brother Bear
50%
1997Hercules
50%
1981The Fox And the Hound
50%
2012Wreck-It Ralph
50%
2001Atlantis: the Lost Empire
45%
1990The Rescuers: Down Under
45%
2011Winnie the Pooh
45%
2023Wish
45%
2008Bolt
41%
2000Dinosaur
41%
2021Encanto
41%
2004Home On the Range
41%
2002Lilo & Stitch
41%
2018Ralph Breaks the Internet
41%
2021Raya and the Last Dragon
41%
1999Tarzan
41%
1985The Black Cauldron
41%
2002Treasure PLanet
41%
2016Zootopia
41%
2005Chicken Little
36%
2000Fantasia 2000
36%
1949The Adventures Of Ichabod
And Mr. Toad
36%
2000The Emperor's New
Groove
36%
2014Big Hero Six
32%
1947Fun and Fancy Free
32%
2007Meet the Robinsons
32%
1948Melody Time
32%
1998Oliver & Company
32%
1988The Great Mouse Detective
32%
1946Make Mine Music
27%
1942Saludos Amigos
27%
2022Strange World
27%
1944The Three Caballeros
27%
1995A Goofy Movie
18%
2013Planes
18%
2006Bambi 2
14%
2002Return To Neverland
14%
1977The Many Adventures
Of Winnie the Pooh
14%
2000The Tigger Movie
14%
2003Jungle Book 2
9%
2003Piglet's Big Movie
9%
1990Ducktales the Movie
Treasures of the Lost Lamp
5%
2014Planes Fire and Rescue
5%
2005Pooh's Heffalump Movie
5%

Score Distribution

Percentile by Number Answered

Percent of People with Each Score

Your Score History

You have not taken this quiz since the last reset